[OLD] New York State Geography on a Map - Statistics

General Stats
  • This quiz has been taken 199 times
  • The average score is 31 of 47
Answers on the Map
Answers color-coded by a green-red scale on the quiz's map according to % correct below.
 
Answer Stats
Hint Answer % Correct
8,804,190 New York
98%
State capital Albany
96%
278,349 Buffalo
96%
Boroughs of NYC Manhattan
95%
Boroughs of NYC Bronx
94%
4. Most populous U.S. island Long Island
94%
Boroughs of NYC Staten Island
92%
River Hudson
91%
Boroughs of NYC Brooklyn
90%
Boroughs of NYC Queens
90%
Body of water Lake Erie
89%
211,328 Rochester
88%
Body of water Lake Ontario / St. Lawrence
86%
148,620 Syracuse
86%
Bordering states/countries Connecticut
85%
3 waterfalls on the NY– Ontario border Niagara Falls
85%
Bordering states/countries Pennsylvania
85%
Bordering states/countries Vermont
85%
Bordering states/countries Massachusetts
84%
Bordering states/countries Canada
81%
Bordering states/countries New Jersey
81%
3. Area with long narrow lakes Finger Lakes
76%
211,569 Yonkers
75%
Body of water Atlantic Ocean
73%
Home to Cornell University Ithaca
69%
Winter Olympics host village Lake Placid
68%
1. Largest park of the lower 48 Adirondacks
66%
River Delaware
62%
Just southeast of Rome Utica
62%
Body of water Lake Champlain
61%
5. Salad dressing namesake {Thousand} Islands
60%
U.S. Military Academy West Point
57%
Located near an American Revolution battle site Saratoga Springs
54%
2. Where the Borscht Belt was Catskills
53%
Known for carousels Binghamton
51%
Cooperstown hall of fame Baseball
44%
Fort captured by Ethan Allen Ticonderoga
44%
River Susquehanna
38%
Easternmost point lighthouse Montauk
37%
River Mohawk
36%
Body of water Seneca Lake
35%
Highest point in NY Mt. Marcy
30%
Body of water Oneida Lake
30%
Body of water Cayuga Lake
29%
Coastal state park created by Robert Moses {Jones} Beach
23%
River Genesee
22%
River gorge state park Letchworth
14%
No matching quizzes found
Score Distribution
Percent of People with Each Score
Percentile by Number Answered
Your Score History
You have not taken this quiz